00654cam a22001814a 4500999001700000008004100017020001800058050002400076100002300100245004800123250001200171260005200183300003600235500002000271650002400291942003400315952012300349 c17803d17803090115s2010 maua 001 0 eng  a978049557191900aMT6.H565 bM87 20101 aHoffer, Charles R.10aMusic listening today /cCharles R. Hoffer. a4th ed. aBoston, MA :bSchirmer Cengage Learning,c2010. axviii, 417 p. :bill. ;c28 cm. aIncludes index. 0aMusic appreciation. 2lcccBOOKShMT6.H565 M87 2010 00102lcc4070aMUCbMUCcTECHd2016-11-29eDonation(BFA)l0oMT6.H565 M87 2010p28400r2018-06-08w2016-11-29yBOOKS